| 000 | 00987nam a22002537a 4500 | ||
|---|---|---|---|
| 999 |
_c63945 _d63945 |
||
| 005 | 20240530110707.0 | ||
| 008 | 180122s2016 ua g b 000 0 ara d | ||
| 017 |
_a2015/5033 _bمصر. دار الكتب |
||
| 020 | _a9789777610728 | ||
| 040 |
_aEG-CaGPL _cEG-CaGPL |
||
| 082 | 0 | 4 |
_221 _a346.082 / _bد م |
| 100 | 0 | _aدعاء عماد سيف النصر | |
| 245 | 1 | 2 |
_aالمالك المسجل والمالك المستفيد فى سوق الاوراق المالية / _cدعاء عماد سيف النصر |
| 250 | _aط. 1 | ||
| 260 |
_aالقاهرة : _bالمركز القومى للاصدارات القانونية، _c2016. |
||
| 300 |
_a230 ص. ؛ _c24 سم. |
||
| 504 | _aيشتمل على ارجاعات ببليوجرافية | ||
| 650 | 0 | 7 |
_2qrmak _aالبورصات |
| 650 | 0 | 7 |
_2qrmak _aالاوراق المالية |
| 650 | 0 | 7 |
_2qrmak _aالضمانات المالية |
| 651 | _2qrmak | ||
| 942 |
_2ddc _cBK |
||